MARC details
| 000 -CABECERA |
| campo de control de longitud fija |
00896nam a2200205 a 4500 |
| 001 - NÚMERO DE CONTROL |
| campo de control |
000033977 |
| 005 - FECHA Y HORA DE LA ÚLTIMA TRANSACCIÓN |
| campo de control |
20200930070654.0 |
| 008 - DATOS DE LONGITUD FIJA--INFORMACIÓN GENERAL |
| campo de control de longitud fija |
110919s1627 sp 000 0 spa d |
| 040 ## - FUENTE DE LA CATALOGACIÓN |
| Centro catalogador/agencia de origen |
DO-SdBNP |
| Lengua de catalogación |
spa |
| Centro/agencia transcriptor |
BNPHU |
| 041 17 - CÓDIGO DE LENGUA |
| Código de lengua del texto/banda sonora o título independiente |
spa |
| Código de lengua original |
lat |
| 100 1# - ENTRADA PRINCIPAL--NOMBRE DE PERSONA |
| Nombre de persona |
Seneca, Lucius Annaeus, |
| Fechas asociadas al nombre |
ca. 4 B.C.-65 A.D. |
| 9 (RLIN) |
59436 |
| 245 10 - MENCIÓN DE TÍTULO |
| Título |
Siete libros / |
| Mención de responsabilidad, etc. |
de L. A. Seneca ; traducidos por P. Frz. Navarrete. |
| 246 33 - FORMA VARIANTE DE TÍTULO |
| Título propio/Titulo breve |
Siete libros de la sabiduría |
| 260 ## - PUBLICACIÓN, DISTRIBUCIÓN, ETC. |
| Lugar de publicación, distribución, etc. |
Madrid : |
| Nombre del editor, distribuidor, etc. |
Imprenta Real, |
| Fecha de publicación, distribución, etc. |
1627. |
| 500 ## - NOTA GENERAL |
| Nota general |
Texto en castellano |
| 505 0# - NOTA DE CONTENIDO CON FORMATO |
| Nota de contenido con formato |
Contenido: |
| Título |
De la divina providencia. -- |
| -- |
De la vida bienaventurada. -- |
| -- |
De la tranquilidad del ánimo. -- |
| -- |
De la constancia del sabio, y que en él no puede caer injuria. -- |
| -- |
De la brevedad de la vida. -- |
| -- |
De consolación. -- |
| -- |
De la pobreza. |
| 650 24 - PUNTO DE ACCESO ADICIONAL DE MATERIA--TÉRMINO DE MATERIA |
| Término de materia o nombre geográfico como elemento de entrada |
Filosofía estoica |
| 9 (RLIN) |
59437 |
| 650 24 - PUNTO DE ACCESO ADICIONAL DE MATERIA--TÉRMINO DE MATERIA |
| Término de materia o nombre geográfico como elemento de entrada |
Estoicismo |
| 9 (RLIN) |
38182 |
| 700 1# - PUNTO DE ACCESO ADICIONAL--NOMBRE DE PERSONA |
| Nombre de persona |
Fernández Navarrete, Pedro, |
| Término indicativo de función/relación |
trad. |
| 9 (RLIN) |
59438 |